00592nam a2200193Ia 4500008004100000020001300041082001700054100002100071245003300092250000800125260003400133300002900167500001900196600002700215650001500242942000700257952011900264999001500383240925s9999 xx 000 0 und d a72283645 a621.3192 HAY aHayt, William H. 0aEngineering Circuit Analysis a6th aBoston:bMC Graw-Hillc,2002. axviii,492p.bNAfPirated aIncludes Index aElectronic Engineering aTechnology cBK 001040708ELaUITUbUITUd2005-02-14eF.B.Cg295.00l0o621.3192 HAYpQ6071r2024-09-25 07:14:04w2024-09-25yBK c8570d8570